00700cam a22002055a 450000500170000000800410001701000140005802000230007203500130009503700150010804000180012308200080014124501380014925000120028726000410029927000470034030000280038765000470041570000320046220081020032651.0081003s2008 ii ab b 001 0 eng  aENG-92633 c300.00a8189781359 aEN-76166 bDBAD / PUB adplbEnglish  a510 aRudiments of mathematics (MCQ):cby Manabendra Nath Mukherjee...(et al)bfor W.B. Joint entrance and other competitive examinations / a2nd ed  aKolkata bAcademic Publishers c2007 a5A, Bhawani Dutta Lane, bKolkata e700073 axvi, 799p. c24cm (pbk) aMathematicsvExaminations, questions, etc. aMukherjee, Manabendra Nath